000 00374nam a2200133Ia 4500
008 231129s9999||||xx |||||||||||||| ||spa||
020 _a958-08-0026-X
040 _bspa
082 _aR 036.1 G216pr
100 _aGarcia-Pelayo y Gross Ramon
245 0 _aPractilarousse ilustrado
264 _aCirculo de Lectores.
942 _2ddc
_cBKS
999 _c23118
_d23118